000 00301nam a2200133Ia 4500
100 _aDadhe/ Jamdar
942 _cBK
654 _aApplied Mechanics
245 _aFundementals of Applied Mechanics
260 _bSarita Prakashan
_aPoona
_c1973
082 _a620.1
300 _a564
546 _aENGLISH
999 _c28046
_d28046